000 00729cab a2200253 4500
001 ABS53979
008 090401t1995 xxu||||| |||| 00| 0 eng d
035 _a(Sirsi) u7746
041 _aeng
245 _aElectricity wayleave payments
260 _c1995
350 _a0
490 _aRural Property Bulletin
_vSeptember/October 1995, 14-16(3)
520 _aTable and explanation of electricity wayleave payments to be implemented 1 April 1996.
650 _aEASEMENTS
650 _aELECTRICITY PYLONS
650 _aOVERHEAD POWER LINES
650 _aSCHEDULE OF RATES
650 _aWAYLEAVE PAYMENTS
650 _aWAYLEAVES
690 _aHIGHWAYS RIGHTS OF WAY AND EASEMENTS
942 _n0
948 _c04/03/1997
999 _c4711
_d4711